Tekken Tag Tournament 1 Characters - Statistics

General Stats
  • This quiz has been taken 53 times
  • The average score is 33 of 39
Answer Stats
Hint Answer % Correct
Default characters Jun Kazama
100%
Unlockable characters Kazuya Mishima
97%
Default characters Anna Williams
94%
Default characters Heihachi Mishima
94%
Default characters Jin Kazama
94%
Default characters King II
94%
Default characters Nina Williams
94%
Default characters Xiaoyu Ling
94%
Unlockable characters Ancient Ogre
91%
Default characters Armor King
91%
Unlockable characters True Ogre
91%
Default characters Bryan Fury
89%
Unlockable characters Chaolan Lee
89%
Default characters Gun Jack
89%
Unlockable characters Jack-2
89%
Default characters Julia Chang
89%
Unlockable characters Kuma II
89%
Default characters Michelle Chang
89%
Unlockable characters Panda
89%
Final Boss Unknown
89%
Default characters Yoshimitsu
89%
Unlockable characters Bruce Irvin
86%
Default characters Eddy Gordo
86%
Default characters Ganryu
86%
Unlockable characters Devil Kazuya
83%
Unlockable characters Kunimitsu
83%
Default characters Wulong Lei
83%
Default characters Forest Law
80%
Default characters Hwoarang
80%
Unlockable characters Jinrei Wang
80%
Unlockable characters Mokujin
80%
Default characters Paul Phoenix
80%
Unlockable characters Roger
77%
Unlockable characters Alex
74%
Unlockable characters Angel
71%
Default characters Doo-San Baek
71%
Unlockable characters Prototype Jack
66%
Unlockable characters Tetsujin
66%
Default characters Tiger Jackson
57%
No matching quizzes found
Score Distribution
Percent of People with Each Score
Percentile by Number Answered
Your Score History
You have not taken this quiz